000 00365nam a2200169Ia 4500
003 0STCL
008 150530s9999 xx 000 0 und d
040 _aSTCL
_cSTCL
100 _aKevin Mc Cann
245 _aAmericas man of Destiny
250 _aFirst
260 _c1952
546 _aEnglish
942 _2ddc
_cBK
999 _c69118
_d69118
005 20220125171412.0